| 000 | 006590000a22001930004500 | ||
|---|---|---|---|
| 020 | _a84-7509-935-1 | ||
| 041 | 0 | _aSPA | |
| 082 | 0 | 4 | _aG 370.1523 G2261m |
| 100 | 1 | _aGardner, Howard | |
| 245 | 1 | 0 | _aLa mente no escolarizada : Cómo piensan los niños y cómo deberían enseñár las escuelas / Howard Gardner ; Ferran Meler Ortí, Traductor |
| 260 | _aBarcelona, España : Paidós | ||
| 300 | _a292 Pag | ||
| 500 | _aTitulo original : The unscholed mind. How children think and how schools should teach | ||
| 001 | 9891 | ||
| 942 | _cBK | ||
| 999 |
_c39718 _d39718 |
||
| 336 |
_atexto _btxt _2rdacontent |
||
| 337 |
_2rdamedia _asin mediación _bn |
||
| 338 |
_2rdacarrier _avolumen _bnc |
||